| 000 | 00395nam a2200145Ia 4500 | ||
|---|---|---|---|
| 008 | 231217s9999 xx 000 0 und d | ||
| 041 | _aEnglish | ||
| 082 | _a658.406 CHA | ||
| 100 | _aChampy, James | ||
| 245 | 0 | _aReengineering management: The mandate for new leadership | |
| 260 |
_c1995 _bHarper collins, London |
||
| 300 | _axii+212 | ||
| 650 | _aReengineering Leadership | ||
| 942 | _cAA | ||
| 999 |
_c165799 _d165799 |
||